[Event "Gibtelecom AmatWk1 6th"]
[Site "Gibraltar"]
[Date "2008.01.23"]
[Round "2.46"]
[White "Loberg, Jo Kristian"]
[Black "Hughes, Lloyd"]
[Result "1/2-1/2"]
[WhiteElo "1450"]
[BlackElo "1745"]
[PlyCount "70"]
[EventDate "2008.01.22"]
[EventType "swiss"]
[EventRounds "5"]
[EventCountry "GGB"]
[SourceTitle "BritBase"]
[Source "www.saund.co.uk"]
[SourceDate "2018.02.10"]
[SourceVersion "1"]
[SourceVersionDate "2018.02.10"]
[SourceQuality "1"]

1. e4 c6 2. d4 d5 3. e5 Bf5 4. Nc3 e6 5. g4 Bg6 6. Nge2 Nd7 7. Nf4 Be7 8. h4
Bxh4 9. Be3 Nh6 10. Be2 Be7 11. Nxg6 hxg6 12. Qd2 g5 13. f4 gxf4 14. Bxf4 g5
15. Be3 f6 16. exf6 Bxf6 17. O-O-O Qe7 18. Rh5 Nf7 19. Rdh1 O-O-O 20. Na4 b5
21. Nc3 Nb6 22. a3 b4 23. axb4 Qxb4 24. Rxh8 Rxh8 25. Rxh8+ Bxh8 26. Bxg5 Qxd4
27. Qxd4 Bxd4 28. Bd2 Bf6 29. Bd3 Bg5 30. Bg6 Bxd2+ 31. Kxd2 Ne5 32. Bh5 Nbc4+
33. Kc1 Kd7 34. Ne2 Ke7 35. g5 Nd7 1/2-1/2

[Event "Gibtelecom AmatWk1 6th"]
[Site "Gibraltar"]
[Date "2008.01.23"]
[Round "2.47"]
[White "Hannan, Peter"]
[Black "Sellak, Haddou"]
[Result "0-1"]
[WhiteElo "1728"]
[BlackElo "1000"]
[PlyCount "86"]
[EventDate "2008.01.22"]
[EventType "swiss"]
[EventRounds "5"]
[EventCountry "GGB"]
[SourceTitle "BritBase"]
[Source "www.saund.co.uk"]
[SourceDate "2018.02.10"]
[SourceVersion "1"]
[SourceVersionDate "2018.02.10"]
[SourceQuality "1"]

1. e4 c5 2. Nf3 Nc6 3. c3 Nf6 4. e5 Nd5 5. d4 cxd4 6. cxd4 d6 7. exd6 Qxd6 8.
Nc3 Bg4 9. Be2 e6 10. O-O Be7 11. Be3 O-O 12. Qd2 Rac8 13. a3 Na5 14. Rab1 Bf5
15. Bd3 Bxd3 16. Qxd3 a6 17. Ne4 Qd8 18. Rfc1 Nf6 19. Rxc8 Qxc8 20. Rc1 Qd8 21.
b4 Nxe4 22. Qxe4 Nc6 23. Ne5 Nxe5 24. Qxe5 Bd6 25. Qe4 Qd7 26. Qc2 Re8 27. Qc4
h6 28. g3 Bb8 29. Qc5 Bd6 30. Qc4 Qa4 31. Qc3 Bb8 32. Rc2 Ba7 33. Rd2 Rd8 34.
Qc7 Qd7 35. Qxd7 Rxd7 36. Kf1 Kf8 37. Ke2 Ke7 38. f4 Kd6 39. Kd3 Rc7 40. Rc2
Rxc2 41. Kxc2 Kd5 42. Kd3 f6 43. Bf2 e5 0-1

[Event "Gibtelecom AmatWk1 6th"]
[Site "Gibraltar"]
[Date "2008.01.23"]
[Round "2.48"]
[White "Ribon Calabia, Mariano"]
[Black "Bishop, Geoffrey L"]
[Result "1-0"]
[WhiteElo "1800"]
[BlackElo "1664"]
[PlyCount "129"]
[EventDate "2008.01.22"]
[EventType "swiss"]
[EventRounds "5"]
[EventCountry "GGB"]
[SourceTitle "BritBase"]
[Source "www.saund.co.uk"]
[SourceDate "2018.02.10"]
[SourceVersion "1"]
[SourceVersionDate "2018.02.10"]
[SourceQuality "1"]

1. e4 c5 2. Nc3 Nc6 3. Nf3 d6 4. Bc4 Nf6 5. d3 Bg4 6. h3 Bxf3 7. gxf3 g6 8. Be3
Bg7 9. f4 a6 10. a3 O-O 11. f5 Ne5 12. fxg6 hxg6 13. Bb3 Rc8 14. f4 Nc6 15. Qf3
Nd4 16. Bxd4 cxd4 17. Ne2 Qa5+ 18. Kf1 Nd7 19. Rg1 Nc5 20. Ba2 e6 21. Rg5 Qd2
22. Rc1 Na4 23. Qg4 Rxc2 24. Rxc2 Qxc2 25. Rxg6 fxg6 26. Bxe6+ Rf7 27. Qxg6 Qc7
28. f5 Nc5 29. Ba2 Kf8 30. Bxf7 Qxf7 31. Qxd6+ Qe7 32. Qg3 Be5 33. Qf3 Qh4 34.
Ng1 Na4 35. b3 Nc3 36. Qg4 Qe7 37. Nf3 Bg7 38. Qf4 Nd1 39. e5 Ne3+ 40. Kf2 Nc2
41. f6 Bxf6 42. Qxf6+ Qxf6 43. exf6 Nxa3 44. Nxd4 Kf7 45. Kf3 Kxf6 46. Ke4 Nb1
47. Kd5 Nd2 48. Kd6 Nf1 49. Kc7 Ke5 50. Nc2 Nh2 51. Kxb7 a5 52. Kb6 Nf3 53.
Kxa5 Ng5 54. h4 Ne6 55. Kb6 Nf4 56. Ne1 Kf6 57. d4 Ne6 58. Nf3 Kf5 59. Kb5 Kf4
60. d5 Ng7 61. Ng5 Kg4 62. d6 Kxh4 63. Nf7 Kg4 64. d7 Ne6 65. d8=Q 1-0

[Event "Gibtelecom AmatWk1 6th"]
[Site "Gibraltar"]
[Date "2008.01.23"]
[Round "2.49"]
[White "Aagedal, Geir Ole"]
[Black "Coats, Jon R"]
[Result "1-0"]
[WhiteElo "1839"]
[BlackElo "1376"]
[PlyCount "51"]
[EventDate "2008.01.22"]
[EventType "swiss"]
[EventRounds "5"]
[EventCountry "GGB"]
[SourceTitle "BritBase"]
[Source "www.saund.co.uk"]
[SourceDate "2018.02.10"]
[SourceVersion "1"]
[SourceVersionDate "2018.02.10"]
[SourceQuality "1"]

1. c4 c5 2. g3 Nc6 3. Bg2 e6 4. Nc3 Be7 5. e4 Nf6 6. Nge2 O-O 7. O-O d6 8. d4
cxd4 9. Nxd4 Rb8 10. Kh1 Nxd4 11. Qxd4 b6 12. b3 Bb7 13. Ba3 Ne8 14. Rad1 a6
15. Rd3 Qc7 16. Rfd1 f5 17. Qe3 fxe4 18. Nxe4 Rd8 19. Kg1 Rf5 20. Nxd6 Nxd6 21.
Qxe6+ Rf7 22. Bxd6 Rxd6 23. Rxd6 Bxd6 24. Rxd6 Bc8 25. Qe8+ Rf8 26. Bd5+ 1-0

[Event "Gibtelecom AmatWk1 6th"]
[Site "Gibraltar"]
[Date "2008.01.23"]
[Round "2.50"]
[White "Booth, Chris"]
[Black "Haddock, Paul"]
[Result "1-0"]
[WhiteElo "1840"]
[BlackElo "1456"]
[PlyCount "49"]
[EventDate "2008.01.22"]
[EventType "swiss"]
[EventRounds "5"]
[EventCountry "GGB"]
[SourceTitle "BritBase"]
[Source "www.saund.co.uk"]
[SourceDate "2018.02.10"]
[SourceVersion "1"]
[SourceVersionDate "2018.02.10"]
[SourceQuality "1"]

1. d4 Nf6 2. Nf3 g6 3. Nc3 d6 4. e4 Bg7 5. Be3 O-O 6. Qd2 Re8 7. Bh6 Bh8 8. h4
Bg4 9. Ng5 c6 10. f3 Bh5 11. Be2 Nbd7 12. g4 Bxg4 13. fxg4 Nb6 14. O-O-O Rc8
15. h5 c5 16. hxg6 fxg6 17. Ne6 Qd7 18. d5 Na4 19. Bb5 Nxc3 20. Bxd7 Nxd7 21.
bxc3 Nb6 22. Rdf1 Na4 23. Qf4 Bxc3 24. Qf7+ Kh8 25. Bg7+ 1-0

[Event "Gibtelecom AmatWk1 6th"]
[Site "Gibraltar"]
[Date "2008.01.23"]
[Round "2.51"]
[White "Dimitrov, Daniel"]
[Black "Hansen, Linda Marie"]
[Result "1-0"]
[WhiteElo "1000"]
[BlackElo "1531"]
[PlyCount "117"]
[EventDate "2008.01.22"]
[EventType "swiss"]
[EventRounds "5"]
[EventCountry "GGB"]
[SourceTitle "BritBase"]
[Source "www.saund.co.uk"]
[SourceDate "2018.02.10"]
[SourceVersion "1"]
[SourceVersionDate "2018.02.10"]
[SourceQuality "1"]

1. f4 d5 2. Nf3 g6 3. e3 Bg7 4. d4 Nf6 5. c4 c6 6. b4 dxc4 7. Bxc4 Bg4 8. Qb3
O-O 9. Ne5 e6 10. O-O Bf5 11. Nd2 Nbd7 12. Bb2 Nb6 13. Rfe1 Nxc4 14. Qxc4 Be4
15. Nxe4 Nxe4 16. Rad1 Rc8 17. a4 Qe7 18. Ba3 Rfd8 19. Qd3 Nd6 20. b5 cxb5 21.
axb5 Qe8 22. Bxd6 Rxd6 23. Nc4 Rdd8 24. Na5 Qd7 25. Rb1 Qc7 26. Nb3 Bf8 27.
Rec1 Qd7 28. Nd2 Rc7 29. Ne4 Kg7 30. h4 Rdc8 31. Rxc7 Qxc7 32. h5 Qc2 33. Qxc2
Rxc2 34. Ng3 Be7 35. hxg6 hxg6 36. Rd1 Rb2 37. d5 Rxb5 38. d6 Bd8 39. e4 e5 40.
f5 Rb6 41. fxg6 Kxg6 42. Rd5 f6 43. Nf5 Kf7 44. d7 Rb4 45. Rd3 Rxe4 46. Nd6+
Ke6 47. Nxe4 b6 48. g4 a5 49. Nd6 a4 50. Nb5 e4 51. Rd4 e3 52. Re4+ Kxd7 53.
Rxa4 Kc6 54. Nc3 b5 55. Re4 Bb6 56. Kf1 b4 57. Rxb4 Ba5 58. Re4 Bxc3 59. Rxe3 {
... (71 moves)} 1-0

[Event "Gibtelecom AmatWk1 6th"]
[Site "Gibraltar"]
[Date "2008.01.23"]
[Round "2.52"]
[White "Apps, Ian"]
[Black "Hughes, Peter"]
[Result "0-1"]
[WhiteElo "1088"]
[BlackElo "1664"]
[PlyCount "74"]
[EventDate "2008.01.22"]
[EventType "swiss"]
[EventRounds "5"]
[EventCountry "GGB"]
[SourceTitle "BritBase"]
[Source "www.saund.co.uk"]
[SourceDate "2018.02.10"]
[SourceVersion "1"]
[SourceVersionDate "2018.02.10"]
[SourceQuality "1"]

1. d4 Nf6 2. Bf4 d6 3. Nc3 g6 4. f3 Bg7 5. e4 Nbd7 6. Bc4 O-O 7. Qd2 e5 8. Be3
c6 9. Nge2 b5 10. Bb3 b4 11. Na4 a5 12. Rc1 Ba6 13. c3 Qb8 14. c4 Qc7 15. c5
exd4 16. cxd6 dxe3 17. dxc7 exd2+ 18. Kxd2 Bh6+ 19. f4 Nxe4+ 20. Ke3 Rfe8 21.
Kf3 Bxe2+ 22. Kxe2 Ng3+ 23. Kf3 Nxh1 24. Rd1 Re7 25. Rd6 Rc8 26. Rxc6 Nf8 27.
Nb6 Rcxc7 28. Nd5 Ne6 29. Nxe7+ Rxe7 30. Bxe6 fxe6 31. Rc5 Bg7 32. b3 e5 33.
fxe5 Rxe5 34. Rc1 Rf5+ 35. Kg4 Nf2+ 36. Kg3 Be5+ 37. Kh4 Rh5# 0-1

[Event "Gibtelecom AmatWk1 6th"]
[Site "Gibraltar"]
[Date "2008.01.23"]
[Round "2.53"]
[White "Garcia, Mario"]
[Black "Mossiaguine, Arina"]
[Result "1-0"]
[WhiteElo "1663"]
[BlackElo "1111"]
[PlyCount "67"]
[EventDate "2008.01.22"]
[EventType "swiss"]
[EventRounds "5"]
[EventCountry "GGB"]
[SourceTitle "BritBase"]
[Source "www.saund.co.uk"]
[SourceDate "2018.02.10"]
[SourceVersion "1"]
[SourceVersionDate "2018.02.10"]
[SourceQuality "1"]

1. e4 e6 2. d4 d5 3. Nc3 Bb4 4. e5 Ne7 5. Bd3 O-O 6. Nf3 Nbc6 7. O-O Bd7 8. a3
Ba5 9. b4 Bb6 10. Ne2 a5 11. Bd2 Nf5 12. c3 Nce7 13. Ng3 Ng6 14. Bg5 f6 15.
exf6 gxf6 16. Bd2 Qe8 17. Nxf5 exf5 18. Qc2 Ba4 19. Qb1 f4 20. Bxg6 hxg6 21.
Bxf4 g5 22. Be3 Qe4 23. Qxe4 dxe4 24. Nd2 Bc6 25. f3 Rae8 26. fxe4 Bxe4 27.
Nxe4 Rxe4 28. Rae1 c6 29. Bd2 Rh4 30. Re7 axb4 31. axb4 Rf7 32. Rxf7 Kxf7 33.
Bxg5 Rh7 34. Rxf6+ 1-0

[Event "Gibtelecom AmatWk1 6th"]
[Site "Gibraltar"]
[Date "2008.01.23"]
[Round "2.55"]
[White "Horlock, Peter J"]
[Black "Salomon, Johan"]
[Result "1-0"]
[WhiteElo "1592"]
[BlackElo "1000"]
[PlyCount "59"]
[EventDate "2008.01.22"]
[EventType "swiss"]
[EventRounds "5"]
[EventCountry "GGB"]
[SourceTitle "BritBase"]
[Source "www.saund.co.uk"]
[SourceDate "2018.02.10"]
[SourceVersion "1"]
[SourceVersionDate "2018.02.10"]
[SourceQuality "1"]

1. e4 e6 2. d4 d5 3. Nd2 c5 4. Ngf3 Nc6 5. c3 Qb6 6. exd5 exd5 7. Nb3 c4 8.
Nbd2 Nf6 9. Be2 Bd6 10. b3 cxb3 11. axb3 Be6 12. O-O O-O 13. Bb2 Ne7 14. Ne5
Ng6 15. f4 Bxe5 16. fxe5 Nxe5 17. Kh1 Ng6 18. c4 Rac8 19. c5 Qc7 20. Rxa7 Ne4
21. Nxe4 dxe4 22. b4 f5 23. d5 Bd7 24. Bc4 Kh8 25. Qd4 Be8 26. c6 Rb8 27. d6
Qf7 28. Bxf7 Rxf7 29. Rxf5 Rxf5 30. Qxg7# 1-0

[Event "Gibtelecom AmatWk1 6th"]
[Site "Gibraltar"]
[Date "2008.01.23"]
[Round "2.56"]
[White "Garcia Lechugo, Francisco"]
[Black "Cox, Reginald"]
[Result "1-0"]
[WhiteElo "1515"]
[BlackElo "1136"]
[PlyCount "87"]
[EventDate "2008.01.22"]
[EventType "swiss"]
[EventRounds "5"]
[EventCountry "GGB"]
[SourceTitle "BritBase"]
[Source "www.saund.co.uk"]
[SourceDate "2018.02.10"]
[SourceVersion "1"]
[SourceVersionDate "2018.02.10"]
[SourceQuality "1"]

1. c4 e5 2. Nc3 Nc6 3. g3 d6 4. Bg2 Bd7 5. Nf3 Nf6 6. O-O Be7 7. d4 exd4 8.
Nxd4 Nxd4 9. Qxd4 c5 10. Qd3 Rb8 11. Bf4 Qb6 12. Rfd1 Bc6 13. Bxd6 Rd8 14. Qe3
Rd7 15. Bxc5 Qxc5 16. Qxc5 Bxc5 17. e4 O-O 18. Nd5 Nxd5 19. cxd5 Bb5 20. b4
Bxb4 21. Rab1 a5 22. a3 Ba4 23. Rd4 Bc2 24. Rc1 Bc5 25. Rc4 Bxf2+ 26. Kxf2 Bd3
27. Rc5 a4 28. e5 Re7 29. Ke3 Bf5 30. Kd4 Rfe8 31. Re1 Rc8 32. Rec1 Rce8 33. d6
Rd8 34. Rc7 Rxc7 35. Rxc7 b5 36. Bd5 Be6 37. Bxe6 fxe6 38. Kc5 Kf8 39. Re7 Re8
40. Rxe8+ Kxe8 41. Kxb5 Kd7 42. Kxa4 Kc6 43. Kb4 Kb7 44. Kb5 1-0

[Event "Gibtelecom AmatWk1 6th"]
[Site "Gibraltar"]
[Date "2008.01.23"]
[Round "2.57"]
[White "Cox, Marian"]
[Black "Mossiaguine, Anastasia"]
[Result "1-0"]
[WhiteElo "1200"]
[BlackElo "920"]
[PlyCount "93"]
[EventDate "2008.01.22"]
[EventType "swiss"]
[EventRounds "5"]
[EventCountry "GGB"]
[SourceTitle "BritBase"]
[Source "www.saund.co.uk"]
[SourceDate "2018.02.10"]
[SourceVersion "1"]
[SourceVersionDate "2018.02.10"]
[SourceQuality "1"]

1. e4 e5 2. Nf3 Nc6 3. Bb5 Bc5 4. O-O Nf6 5. d3 O-O 6. a3 d6 7. b4 Bb6 8. Bg5
h6 9. Bd2 Qd7 10. Nc3 a6 11. Ba4 Qg4 12. h3 Qe6 13. Ne2 Bd7 14. Ng3 Nd4 15.
Bxd7 Qxd7 16. Nxd4 Bxd4 17. c3 Bb6 18. Qe2 c5 19. Be3 Qc6 20. Nf5 cxb4 21. Ne7+
Kh8 22. Nxc6 Bxe3 23. Qxe3 bxc6 24. axb4 d5 25. f3 dxe4 26. dxe4 Rfd8 27. Rfd1
Rxd1+ 28. Rxd1 Re8 29. Qb6 g5 30. Rd8 Rxd8 31. Qxd8+ Kg7 32. Qb6 h5 33. g4 hxg4
34. hxg4 c5 35. Qxc5 a5 36. Qxa5 Kf8 37. Qxe5 Nd7 38. Qxg5 Ne5 39. Qd8+ Kg7 40.
Qd4 Kf8 41. Qxe5 f6 42. Qc5+ Ke8 43. b5 f5 44. b6 fxe4 45. b7 exf3 46. b8=Q+
Kd7 47. Qcd6# 1-0

[Event "Gibtelecom AmatWk1 6th"]
[Site "Gibraltar"]
[Date "2008.01.23"]
[Round "2.58"]
[White "Bath, Tom"]
[Black "Hewitt, Sean D"]
[Result "0-1"]
[WhiteElo "1424"]
[BlackElo "1808"]
[PlyCount "94"]
[EventDate "2008.01.22"]
[EventType "swiss"]
[EventRounds "5"]
[EventCountry "GGB"]
[SourceTitle "BritBase"]
[Source "www.saund.co.uk"]
[SourceDate "2018.02.10"]
[SourceVersion "1"]
[SourceVersionDate "2018.02.10"]
[SourceQuality "1"]

1. e4 e5 2. f4 d5 3. exd5 e4 4. Bc4 Nf6 5. Nc3 Bc5 6. d4 exd3 7. Qxd3 O-O 8.
Bd2 Re8+ 9. Nge2 Ng4 10. O-O-O Nf2 11. Qg3 Nxh1 12. Rxh1 Bd7 13. Rf1 a6 14. f5
Qf6 15. Bg5 Qxg5+ 16. Qxg5 Be3+ 17. Qxe3 Rxe3 18. f6 b5 19. Bd3 Bg4 20. Ng3 Nd7
21. fxg7 Nc5 22. Bf5 Bxf5 23. Nxf5 Re5 24. g4 Rae8 25. h4 b4 26. Nd1 Rxd5 27.
h5 Rde5 28. h6 Ne4 29. Nde3 Ng5 30. Nc4 Re4 31. Na5 Rxg4 32. Nc6 Rge4 33. Rf4
Re1+ 34. Kd2 R1e6 35. Rd4 Nf3+ 36. Kd3 Nxd4 37. Kxd4 Rxc6 38. Kd5 Rd6+ 39. Nxd6
cxd6 40. Kxd6 Re6+ 41. Kc5 b3 42. axb3 Rxh6 43. c4 f5 44. b4 f4 45. b5 axb5 46.
cxb5 f3 47. b6 Rxb6 {game counted as 1-0 vs the bye in the results table} 0-1

[Event "Gibtelecom AmatWk1 6th"]
[Site "Gibraltar"]
[Date "2008.01.24"]
[Round "3.33"]
[White "Dickens, Rupert"]
[Black "Kuenitz, Klaus"]
[Result "1-0"]
[WhiteElo "1840"]
[BlackElo "1645"]
[PlyCount "43"]
[EventDate "2008.01.22"]
[EventType "swiss"]
[EventRounds "5"]
[EventCountry "GGB"]
[SourceTitle "BritBase"]
[Source "www.saund.co.uk"]
[SourceDate "2018.02.10"]
[SourceVersion "1"]
[SourceVersionDate "2018.02.10"]
[SourceQuality "1"]

1. d4 f5 2. Bg5 g6 3. Nd2 Bg7 4. e4 d6 5. Ngf3 Nh6 6. Bd3 O-O 7. c3 fxe4 8.
Nxe4 Kh8 9. Qd2 Nf7 10. Be3 Nc6 11. h4 h5 12. O-O-O e5 13. Neg5 Nxg5 14. Bxg5
Qe8 15. d5 Nb8 16. Bh6 Bf5 17. Bxg7+ Kxg7 18. Ng5 Bd7 19. f3 a5 20. g4 hxg4 21.
h5 gxh5 22. Ne6+ 1-0

[Event "Gibtelecom AmatWk1 6th"]
[Site "Gibraltar"]
[Date "2008.01.24"]
[Round "3.34"]
[White "Sellak, Haddou"]
[Black "Wright, Jonathan"]
[Result "1-0"]
[WhiteElo "1000"]
[BlackElo "1776"]
[PlyCount "115"]
[EventDate "2008.01.22"]
[EventType "swiss"]
[EventRounds "5"]
[EventCountry "GGB"]
[SourceTitle "BritBase"]
[Source "www.saund.co.uk"]
[SourceDate "2018.02.10"]
[SourceVersion "1"]
[SourceVersionDate "2018.02.10"]
[SourceQuality "1"]

1. e4 c6 2. d4 d5 3. exd5 cxd5 4. Bd3 Nc6 5. c3 g6 6. Bf4 Bg7 7. Nf3 Nf6 8. h3
O-O 9. O-O a6 10. Nbd2 Be6 11. Ng5 Bd7 12. Re1 Na5 13. Qe2 Nc6 14. Ngf3 Re8 15.
Ne5 Be6 16. Nb3 Nxe5 17. dxe5 Nd7 18. Nd4 Nc5 19. Bc2 Bc8 20. Rad1 Qc7 21. Qf3
e6 22. Qe3 b5 23. Bh6 Bh8 24. h4 Bb7 25. f3 Rac8 26. Qg5 Nd7 27. f4 Qd8 28. Qg3
Bg7 29. Bxg7 Kxg7 30. f5 Kh8 31. f6 Nxf6 32. exf6 Qxf6 33. Qe5 Qxe5 34. Rxe5
Rc4 35. Bb3 Rc5 36. Bc2 Rec8 37. Bd3 R8c7 38. g4 Bc8 39. g5 Bd7 40. a3 Rc8 41.
Kg2 Be8 42. Kg3 Ra8 43. Nb3 Rc7 44. Nd4 Rc5 45. Bf1 a5 46. Ra1 a4 47. Bd3 Rac8
48. Rf1 Kg8 49. Re3 R8c7 50. Kf4 Re7 51. Ke5 Kg7 52. Rf6 Rec7 53. Re1 Rc8 54.
Rh1 Rxc3 55. bxc3 Rxc3 56. Bxb5 Re3+ 57. Kd6 Bxb5 58. Nxb5 1-0

[Event "Gibtelecom AmatWk1 6th"]
[Site "Gibraltar"]
[Date "2008.01.24"]
[Round "3.35"]
[White "France, Robert"]
[Black "Flanagan, Samuel"]
[Result "0-1"]
[WhiteElo "1648"]
[BlackElo "1618"]
[PlyCount "71"]
[EventDate "2008.01.22"]
[EventType "swiss"]
[EventRounds "5"]
[EventCountry "GGB"]
[SourceTitle "BritBase"]
[Source "www.saund.co.uk"]
[SourceDate "2018.02.10"]
[SourceVersion "1"]
[SourceVersionDate "2018.02.10"]
[SourceQuality "1"]

1. d4 d5 2. Nc3 Nf6 3. e4 dxe4 4. f3 exf3 5. Nxf3 Bf5 6. Bc4 e6 7. O-O Be7 8.
Kh1 O-O 9. Ne5 Nbd7 10. Qe2 Nxe5 11. dxe5 Nd7 12. Bf4 Nb6 13. Rad1 Qe8 14. Bb3
Qc6 15. Rde1 Bb4 16. Bd2 Bxc3 17. Bxc3 Rad8 18. Qf2 Rd7 19. Qh4 Bg6 20. Qg3
Rfd8 21. h4 h6 22. Qg4 Bf5 23. Qg3 Nd5 24. Bd2 Kh8 25. h5 Rg8 26. Rf2 Ne7 27.
Kh2 Rgd8 28. Ree2 Rd4 29. Bf4 Bh7 30. Be3 Nf5 31. Rxf5 Bxf5 32. Bxd4 Rxd4 33.
Rf2 Rd1 34. c3 Ra1 35. Qh4 Qd7 36. g3 {last 10 moves very unclear - only one
scoresheet} 0-1

[Event "Gibtelecom AmatWk1 6th"]
[Site "Gibraltar"]
[Date "2008.01.24"]
[Round "3.36"]
[White "Hughes, Peter"]
[Black "Aagedal, Geir Ole"]
[Result "0-1"]
[WhiteElo "1664"]
[BlackElo "1839"]
[PlyCount "62"]
[EventDate "2008.01.22"]
[EventType "swiss"]
[EventRounds "5"]
[EventCountry "GGB"]
[SourceTitle "BritBase"]
[Source "www.saund.co.uk"]
[SourceDate "2018.02.10"]
[SourceVersion "1"]
[SourceVersionDate "2018.02.10"]
[SourceQuality "1"]

1. d4 Nf6 2. c4 e6 3. Nf3 d5 4. g3 Be7 5. Bg2 O-O 6. O-O Nbd7 7. Qc2 h6 8. Rd1
Re8 9. b3 c6 10. Bb2 b6 11. Nbd2 Bb7 12. Rac1 Rc8 13. Ne5 Bd6 14. e4 dxe4 15.
Nxd7 Qxd7 16. c5 Bf8 17. Nxe4 Nd5 18. cxb6 axb6 19. Qe2 Ra8 20. a4 Bb4 21. Qh5
Ra5 22. Qe2 Qe7 23. Nc3 Rc8 24. Nxd5 cxd5 25. Rxc8+ Bxc8 26. Qc2 Ba6 27. Rc1 b5
28. axb5 Bxb5 29. Qc8+ Kh7 30. Qc2+ g6 31. Ra1 Qa7 {[final position noted on
one scoresheet - wKg1, Qc8, Bg2, Ph4, g3, f2, d4, b3, bKg7, Qb2, Bb4, Ph6, g6,
f7, e6, d5]} 0-1

[Event "Gibtelecom AmatWk1 6th"]
[Site "Gibraltar"]
[Date "2008.01.24"]
[Round "3.37"]
[White "Loberg, Jo Kristian"]
[Black "Ribon Calabia, Mariano"]
[Result "1-0"]
[WhiteElo "1450"]
[BlackElo "1800"]
[PlyCount "61"]
[EventDate "2008.01.22"]
[EventType "swiss"]
[EventRounds "5"]
[EventCountry "GGB"]
[SourceTitle "BritBase"]
[Source "www.saund.co.uk"]
[SourceDate "2018.02.10"]
[SourceVersion "1"]
[SourceVersionDate "2018.02.10"]
[SourceQuality "1"]

1. e4 e6 2. d4 d5 3. Nc3 Bb4 4. e5 Ne7 5. a3 Bxc3+ 6. bxc3 c5 7. Nf3 Nbc6 8.
Bd3 Qb6 9. O-O Nf5 10. Bxf5 exf5 11. Be3 c4 12. Nh4 h5 13. Qf3 Ne7 14. Bg5 Qe6
15. Rab1 b6 16. Bxe7 Kxe7 17. g3 g5 18. Ng2 Bd7 19. Ne3 Rag8 20. Nxd5+ Kf8 21.
Nf6 Bc6 22. d5 Qxe5 23. Nxg8 Bxd5 24. Nf6 Bxf3 25. Nd7+ Kg7 26. Nxe5 Bb7 27.
Nxc4 h4 28. Nd6 Bc6 29. Nxf5+ Kf6 30. Nd4 Bb7 31. g4 1-0

[Event "Gibtelecom AmatWk1 6th"]
[Site "Gibraltar"]
[Date "2008.01.24"]
[Round "3.38"]
[White "Hughes, Lloyd"]
[Black "Dimitrov, Daniel"]
[Result "1-0"]
[WhiteElo "1745"]
[BlackElo "1000"]
[PlyCount "141"]
[EventDate "2008.01.22"]
[EventType "swiss"]
[EventRounds "5"]
[EventCountry "GGB"]
[SourceTitle "BritBase"]
[Source "www.saund.co.uk"]
[SourceDate "2018.02.10"]
[SourceVersion "1"]
[SourceVersionDate "2018.02.10"]
[SourceQuality "1"]

1. e4 e6 2. Nf3 g6 3. Nc3 Bg7 4. d4 Ne7 5. Bc4 a6 6. a3 b5 7. Ba2 Bb7 8. Bf4 d6
9. O-O Nd7 10. Qd2 Nb6 11. Bh6 Bxh6 12. Qxh6 Ng8 13. Qe3 Qe7 14. Rfe1 h6 15.
Qd3 O-O-O 16. Ne2 g5 17. c4 g4 18. Nd2 c6 19. cxb5 cxb5 20. d5 e5 21. Nd4 exd4
22. Qxd4 Nf6 23. Qxb6 Kb8 24. Rac1 Rc8 25. Qd4 Nd7 26. b4 h5 27. Rc3 Qe5 28.
Qxe5 Nxe5 29. Rec1 Rxc3 30. Rxc3 h4 31. f4 gxf3 32. Nxf3 Ng6 33. Nd4 Ne5 34.
Nc6+ Bxc6 35. dxc6 Kc7 36. Bd5 Rh5 37. h3 f5 38. Kf2 f4 39. Bb3 Rg5 40. Bd5 f3
41. gxf3 Rg3 42. Be6 Ng6 43. Ke3 Ne5 44. Kf4 Ng6+ 45. Ke3 Ne5 46. Bg4 Nxc6 47.
Kf4 Kb6 48. Kg5 a5 49. bxa5+ Nxa5 50. Kxh4 Rg2 51. f4 Nc6 52. e5 d5 53. Rd3 Ne7
54. f5 Kc5 55. Kg5 Kc4 56. Rf3 Nc6 57. Rf4+ d4 58. e6 Kc3 59. f6 d3 60. f7 d2
61. Rf1 Nd4 62. Kh4 Rxg4+ 63. hxg4 Nxe6 64. g5 Nf8 65. Kh5 Kc2 66. g6 Ne6 67.
f8=Q Nxf8 68. g7 Ne6 69. g8=Q Nf4+ 70. Kg4 Nd5 71. Qxd5 1-0

[Event "Gibtelecom AmatWk1 6th"]
[Site "Gibraltar"]
[Date "2008.01.24"]
[Round "3.39"]
[White "Poggio, Freddie"]
[Black "Yarur Elsaca, Daniel"]
[Result "0-1"]
[WhiteElo "1616"]
[BlackElo "1846"]
[PlyCount "60"]
[EventDate "2008.01.22"]
[EventType "swiss"]
[EventRounds "5"]
[EventCountry "GGB"]
[SourceTitle "BritBase"]
[Source "www.saund.co.uk"]
[SourceDate "2018.02.10"]
[SourceVersion "1"]
[SourceVersionDate "2018.02.10"]
[SourceQuality "1"]

1. Nf3 Nf6 2. e3 g6 3. d4 Bg7 4. c4 O-O 5. Nc3 Re8 6. Be2 d6 7. e4 b6 8. Bg5
Bb7 9. Qc2 e5 10. d5 Nbd7 11. O-O h6 12. Bh4 c6 13. Nd2 a6 14. a4 Qc7 15. Rfc1
Rac8 16. Qb1 Ba8 17. b4 g5 18. Bg3 h5 19. f3 g4 20. Qd3 a5 21. dxc6 Bxc6 22.
Nd5 Bxd5 23. cxd5 Qxc1+ 24. Rxc1 Rxc1+ 25. Nf1 axb4 26. Qb3 Rec8 27. Qxb4 R8c2
28. Kf2 Nc5 29. Qb5 Ra2 30. Ne3 Nfxe4+ 0-1

[Event "Gibtelecom AmatWk1 6th"]
[Site "Gibraltar"]
[Date "2008.01.24"]
[Round "3.40"]
[White "Randall, David C"]
[Black "Booth, Chris"]
[Result "1/2-1/2"]
[WhiteElo "1568"]
[BlackElo "1840"]
[PlyCount "88"]
[EventDate "2008.01.22"]
[EventType "swiss"]
[EventRounds "5"]
[EventCountry "GGB"]
[SourceTitle "BritBase"]
[Source "www.saund.co.uk"]
[SourceDate "2018.02.10"]
[SourceVersion "1"]
[SourceVersionDate "2018.02.10"]
[SourceQuality "1"]

1. e4 e6 2. d4 d5 3. e5 c5 4. c3 Bd7 5. Nf3 Nc6 6. Be2 Nge7 7. Na3 cxd4 8. cxd4
Nf5 9. Nc2 Be7 10. O-O h5 11. b3 g5 12. Bb2 Qb6 13. Qd2 Rg8 14. Rfd1 g4 15.
Nfe1 h4 16. f4 gxf3 17. Nxf3 O-O-O 18. Ba3 h3 19. g3 Bxa3 20. Nxa3 Rg4 21. Nc2
Rdg8 22. Rac1 Kb8 23. b4 Nce7 24. b5 Qd8 25. a4 Nxg3 26. hxg3 Nf5 27. Ne3 h2+
28. Kxh2 Rh8+ 29. Kg2 Rxg3+ 30. Kf2 Rxf3+ 31. Bxf3 Rh2+ 32. Bg2 Qg5 33. Rg1
Qf4+ 34. Ke2 Nxd4+ 35. Kd3 Nb3 36. Qc3 Nxc1+ 37. Rxc1 Bc6 38. bxc6 Rxg2 39.
Nxg2 Qe4+ 40. Kd2 Qxg2+ 41. Kd1 Qg4+ 42. Kd2 Qg2+ 43. Ke1 Qg1+ 44. Kd2 Qg2+
1/2-1/2